| 000 | | | 05367cbc2a2200000#x 450 |
| 001 | | | 64c7ba154caa4fafa3b48c6e7f353881 |
| 005 | | | 20220811140211.0 |
| 100 | ## | $a | 20130912l19151915k y0rusy0189 ca |
| 101 | 0# | $a | rus |
| 102 | ## | $a | RU |
| 251 | ## | $c | Дело |
| 225 | 0# | $a | Фонд Совет министров (1905-1917) |
| | $h | Опись № 11 |
| | $i | 1915 г. |
| 300 | ## | $a | Машинописный текст |
| 300 | ## | $a | Оригинальный заголовок дела: Об отпуске средств из казны на производство вызываемых внешними обстоятельствами работ во Владивостокском торговом порту : начато 6 октября 1915 года |
| 324 | ## | $a | Пленка |
| 801 | #0 | $a | RU |
| | $b | РГИА |
| | $c | 20130912 |
| 801 | #1 | $a | RU |
| | $b | ГлавНИВЦ |
| | $c | 20130912 |
| | $2 | rusmarc |
| 801 | #2 | $a | RU |
| | $b | ПБ им. Б.Н. Ельцина |
| | $c | 20130913 |
| | $g | RCR |
| | $2 | rusmarc |
| 850 | ## | $a | Федеральное казенное учреждение "Российский государственный исторический архив" |
| 852 | ## | $a | РГИА |
| | $j | 656 |
| 937 | ## | $a | ASBIBLIO_SCAN |
| | $b | РГИА_1276:_11:_656: |
| | $d | 1680091 |
| | $h | РГИА |
| 200 | 1# | $a | Об отпуске средств на расходы по приспособлению Владивостокского торгового порта к приему военных грузов |
| | $j | 10-16 октября 1915 года |
| 215 | ## | $a | 6 листов |
| 035 | ## | $a | 64c7ba154caa4fafa3b48c6e7f353881 |
| 607 | ## | $2 | nlr_sh |
| | $3 | RU\NLR\AUTH\661414324 |
| | $a | Россия |
| | $j | Архивные дела |
| | $x | Политика и управление |
| | $y | Дальний Восток |
| | $z | 19 - нач. 20 вв. |
| 601 | 02 | $2 | nlr_sh1 |
| | $3 | RU\NLR\AUTH\66241803 |
| | $a | Владивостокский порт |
| | $j | Архивные дела |
| 605 | ## | $2 | acquisition_Prlib |
| | $3 | DITM\AF\0000002775 |
| | $a | Власть |
| | $l | коллекция |
| 605 | ## | $2 | acquisition_Prlib |
| | $3 | LIBNET\UAF\0000102567 |
| | $a | Город-порт Владивосток |
| | $l | коллекция |
| 617 | ## | $2 | prlib_sh |
| | $c | Приморский край |
| 686 | ## | $2 | rubbk |
| | $a | 63.3(285.5)52-3ю1 |
| | $v | LBC/M |
| 122 | 2# | $a | d19151010## |
| | $a | d19151016## |
| 517 | 1# | $a | Об отпуске средств из казны на производство вызываемых внешними обстоятельствами работ во Владивостокском торговом порту |
| | $e | начато 6 октября 1915 года |
| 461 | #0 | $1 | 001c7912e80-a322-4844-9992-beca65726c82 |
| | $1 | 2001 |
| | $a | Совет министров (1905-1917) |
| | $1 | 251 |
| | $c | Фонд |
| | $1 | 852 |
| | $j | 1276 |
| 462 | #0 | $1 | 00155a01488-fef8-4880-9d81-3d684c7ccc8b |
| | $1 | 2001 |
| | $a | 1915 г. |
| | $v | Д. 656 |
| | $1 | 251 |
| | $c | Опись |
| | $1 | 852 |
| | $j | 11 |